000 00732nam a2200301 a 4500
003 AR-BaBNM
005 20251128210748.0
008 082120s2002 ||||||||||||||000 | spa||
040 _cAR-BaBNM
100 1 _aDickens, Charles
245 0 0 _aOliverio Twist
_bnovela
250 _a2ยช ed.
260 _aBarcelona
_bJuventud
_c1950
300 _a365 p.
490 0 _aObras maestras
650 4 _aESCRITORES
650 4 _aLITERATURA INGLESA
650 4 _aNOVELAS
650 4 _aLITERATURA EXTRANJERA
650 4 _aREALISMO
650 4 _aSIGLO DIECINUEVE
653 _aNARRATIVA
653 _aNOVELA REALISTA
655 _aLITERATURA
700 1 _aSevillano, Enriqueta
_etraductor
942 _cBK
998 _cMARTIN
999 _c16787
_d16787